Juliet by Cavetown - Lyrics Quiz - Statistics

General Stats
  • This quiz has been taken 131 times
  • The average score is 198 of 247
Answer Stats
Answer % Correct
i
100%
a
97%
my
97%
he
95%
to
93%
head
92%
can
91%
can't
91%
of
89%
out
89%
be
88%
but
88%
get
88%
need
88%
you
88%
eyes
87%
so
87%
when
87%
and
84%
anything
84%
cry
84%
Juliet
84%
no
84%
for
83%
in
83%
is
80%
some
80%
did
79%
or
79%
not
78%
the
78%
bed
76%
die?
76%
girl
76%
me
76%
run
76%
see
76%
anyone
75%
know
75%
special
75%
from
74%
just
74%
wanna
74%
i'm
72%
she
72%
down
71%
help
71%
him
71%
his
71%
kid
71%
really
71%
her
70%
sometimes
70%
that
70%
two
70%
ground
68%
like
68%
should
68%
sit
68%
act
67%
stand
67%
with
67%
miss
66%
seen
66%
through
66%
at
64%
boy
64%
brain
64%
bully
64%
hope
64%
power
64%
pretty"
64%
before
63%
color
63%
has
63%
looks
63%
thinks
63%
understand
63%
else
62%
make
62%
one
62%
"shit
62%
corks
61%
much
61%
pain
61%
shoot
61%
i'd
59%
more
59%
sour
59%
believe
55%
it
55%
morning
55%
something
55%
bad
54%
hurts
46%
ooh
28%
No matching quizzes found
Score Distribution
Percent of People with Each Score
Percentile by Number Answered
Your Score History
You have not taken this quiz